Los pueblos indígenas en América -Abya Yala-: desafíos para la igualdad en la diversidad

Αποθηκεύτηκε σε:
Λεπτομέρειες βιβλιογραφικής εγγραφής
Κύριος συγγραφέας: Popolo, Fabiana del (Συγγραφέας)
Μορφή: Βιβλίο
Γλώσσα:Ισπανικά
Έκδοση: Santiago CEPAL 2017
Έκδοση:1a. ed
Θέματα:
Ετικέτες: Προσθήκη ετικέτας
Δεν υπάρχουν, Καταχωρήστε ετικέτα πρώτοι!

MARC

LEADER 00000cam a2200000 a 4500
001 UCC2527
003 CL-VaPUC
008 180309e20170000cl |||||||||||||||||spa|d
020 |a 9789211219746 
082 0 4 |a 362.8409  |b POP  |2 21 
100 0 |a Popolo, Fabiana del  |e author  |9 596583 
245 1 4 |a Los pueblos indígenas en América -Abya Yala-: desafíos para la igualdad en la diversidad 
250 |a 1a. ed 
300 |a 532 p 
942 |c BK 
945 |d 20180309 22:06:00  |a dcastane 
260 |a Santiago  |b CEPAL  |c 2017 
650 0 |a Pueblos indígenas   |9 357564 
650 0 |a Desarrollo económico y social   |9 256320 
650 0 |a Política gubernamental  |9 262286 
583 |a last modification  |c 20180309 22:06:00  |k Rodrigo Vera 
999 |c 370607  |d 370605 
952 |0 0  |1 0  |3 erb  |4 0  |6 362_840900000000000_POP_2017  |7 0  |8 A  |9 487151  |a BIBGIM  |b BIBGIM  |i 545302K  |o 362.8409 POP 2017  |p 545302K  |r 2025-01-15  |w 2019-11-24  |y BK  |z Catalogado en:20180309  |k GIM